[Event "Rated Blitz game"]
[Site "?"]
[Date "2021.01.13"]
[Round "?"]
[White "edgemen"]
[Black "DarthZannah"]
[Result "1-0"]
[WhiteElo "2351"]
[BlackElo "2425"]
[PlyCount "157"]
[EventDate "2021.??.??"]
[EventType "blitz"]

1. e4 e5 2. Nf3 d5 3. exd5 e4 4. Qe2 Nf6 5. Nc3 Be7 6. Nxe4 O-O 7. Nxf6+ Bxf6
8. Qd1 Qxd5 9. Be2 Nc6 10. O-O Bf5 11. c3 Bd3 12. Bxd3 Qxd3 13. Ne1 Qc4 14. d4
Rad8 15. Qb3 Qa6 16. Nf3 Rfe8 17. Bf4 Rd7 18. Rfe1 Rxe1+ 19. Rxe1 h6 20. h3 Ne7
21. Be5 Nd5 22. Bxf6 Nxf6 23. a3 Qb6 24. Qxb6 axb6 25. Ne5 Re7 26. Nd3 Kf8 27.
Rxe7 Kxe7 28. Kf1 Kd6 29. Ke2 Kd5 30. b3 Ne4 31. Nb4+ Kd6 32. Na2 f5 33. f3 Nf6
34. c4 g5 35. Nc3 c6 36. Kd3 Nh5 37. Ne2 Ke6 38. g4 Nf6 39. Ng3 fxg4 40. fxg4
Ne8 41. Ne4 Nc7 42. b4 Ne8 43. a4 Nc7 44. a5 bxa5 45. bxa5 Na6 46. Kc3 Ke7 47.
c5 Kd7 48. Kc4 Kc7 49. Nf6 Nb8 50. Ng8 Nd7 51. Nxh6 Nf6 52. Nf7 Ne4 53. Kb4 Kd7
54. Kc4 Ke7 55. Nd6 Nxd6+ 56. cxd6+ Kxd6 57. Kc3 Kd5 58. Kd3 c5 59. dxc5 Kxc5
60. Ke4 Kb5 61. h4 gxh4 62. g5 h3 63. Kf3 Kxa5 64. g6 b5 65. g7 b4 66. g8=Q Ka4
67. Qa2+ Kb5 68. Qb3 Kc5 69. Kg3 Kb5 70. Kh2 Kc5 71. Kxh3 Kb5 72. Kg3 Kc5 73.
Kf4 Kb5 74. Ke5 Kc5 75. Ke4 Kb5 76. Kd5 Ka5 77. Kc6 Ka6 78. Qxb4 Ka7 79. Qb7# {
Normal} 1-0

[Event "Rated Blitz game"]
[Site "?"]
[Date "2021.01.13"]
[Round "?"]
[White "Rechlis"]
[Black "DarthZannah"]
[Result "1-0"]
[WhiteElo "2507"]
[BlackElo "2435"]
[PlyCount "51"]
[EventDate "2021.??.??"]
[EventType "blitz"]

1. e4 e5 2. Nf3 d5 3. Nxe5 dxe4 4. d4 Nd7 5. Bf4 Nxe5 6. Bxe5 Nf6 7. Bc4 Bd6 8.
Nc3 Bf5 9. Qe2 O-O 10. O-O-O Re8 11. h3 Qe7 12. g4 Be6 13. Bxd6 Qxd6 14. Kb1 c6
15. Rhe1 Bxc4 16. Qxc4 b5 17. Qe2 b4 18. Na4 Nd5 19. Nc5 a5 20. Nxe4 Qf4 21. f3
a4 22. Qc4 Qxf3 23. Qxc6 Ne3 24. Rd3 Rec8 25. Rdxe3 Qg2 26. Nf6+ {Normal} 1-0

[Event "Rated Blitz game"]
[Site "?"]
[Date "2021.01.13"]
[Round "?"]
[White "PushTheWood"]
[Black "batasjon"]
[Result "1-0"]
[WhiteElo "2630"]
[BlackElo "2376"]
[PlyCount "97"]
[EventDate "2021.??.??"]
[EventType "blitz"]

1. e4 e5 2. Nf3 d5 3. exd5 e4 4. Qe2 Nf6 5. d3 Qxd5 6. dxe4 Qxe4 7. Nc3 Bb4 8.
Bd2 Qxe2+ 9. Bxe2 O-O 10. O-O-O Nc6 11. Nb5 Bf5 12. Bxb4 Nxb4 13. Nfd4 Be4 14.
a3 Nbd5 15. Bf3 Bxf3 16. Nxf3 c6 17. Nd6 Rab8 18. c4 Nf4 19. g3 Nh3 20. Rhf1
Rfd8 21. Ne5 Rf8 22. f4 h6 23. Rd2 Ne8 24. Nf5 Nf6 25. Re1 g5 26. Nxh6+ Kh7 27.
fxg5 Nxg5 28. Nf5 Nge4 29. Rde2 Nc5 30. Kc2 b5 31. g4 bxc4 32. g5 Nd5 33. Nxc4
Kg6 34. Nd4 Rbc8 35. h4 Rh8 36. Rh2 Rce8 37. Rxe8 Rxe8 38. Nxc6 Rc8 39. N6e5+
Kf5 40. Rf2+ Ke4 41. Re2+ Kd4 42. b3 Ne4 43. Nf3+ Kc5 44. Rxe4 Nb6 45. h5 Kd5
46. Rd4+ Ke6 47. h6 Rg8 48. Rh4 Rh8 49. h7 {Time forfeit} 1-0

[Event "Rated Rapid game"]
[Site "?"]
[Date "2021.01.13"]
[Round "?"]
[White "schnoopdoop"]
[Black "bcnv"]
[Result "0-1"]
[WhiteElo "2396"]
[BlackElo "2442"]
[PlyCount "77"]
[EventDate "2021.??.??"]
[EventType "rapid"]

1. e4 e5 2. Nf3 d5 3. exd5 Bd6 4. d4 e4 5. Ne5 Nf6 6. Nc3 O-O 7. Be2 c5 8. dxc6
Nxc6 9. Bf4 Qc7 10. Nb5 Qa5+ 11. Bd2 Qd8 12. Nxd6 Qxd6 13. Bf4 Qxd4 14. Nxc6
Qxd1+ 15. Rxd1 bxc6 16. Bc4 Bg4 17. Rd6 Rfd8 18. O-O Rxd6 19. Bxd6 Rd8 20. Be7
Rd2 21. Bxf6 gxf6 22. Bb3 Be6 23. Rc1 Bxb3 24. axb3 f5 25. Kf1 f4 26. Re1 f5
27. Re2 Rxe2 28. Kxe2 a5 29. g3 fxg3 30. hxg3 Kf7 31. Ke3 Ke6 32. Kf4 Kf6 33.
g4 fxg4 34. Kxg4 Ke5 35. c3 c5 36. f4+ exf3 37. Kxf3 Kf5 38. Ke3 h5 39. Kf3 {
Normal} 0-1

[Event "Rated Rapid game"]
[Site "?"]
[Date "2021.01.13"]
[Round "?"]
[White "ikdijk"]
[Black "bcnv"]
[Result "1-0"]
[WhiteElo "2291"]
[BlackElo "2450"]
[PlyCount "53"]
[EventDate "2021.??.??"]
[EventType "rapid"]

1. e4 e5 2. Nf3 d5 3. Nxe5 Bd6 4. d4 dxe4 5. Bc4 Bxe5 6. Qh5 Qe7 7. Qxe5 Qxe5
8. dxe5 Bf5 9. Nc3 Nc6 10. Bf4 Nge7 11. e6 fxe6 12. Bxc7 Rc8 13. Bf4 Nd4 14.
Bb3 a6 15. O-O-O Nxb3+ 16. axb3 Ng6 17. Be3 O-O 18. Rd7 b5 19. h3 e5 20. Rd6 b4
21. Nd5 Rfd8 22. Rxd8+ Rxd8 23. Nxb4 a5 24. Nc6 Rd5 25. c4 Rd3 26. Kc2 Nf4 27.
Ne7+ {Normal} 1-0

[Event "Rated Blitz game"]
[Site "?"]
[Date "2021.01.13"]
[Round "?"]
[White "nmiq"]
[Black "RoketBey"]
[Result "1/2-1/2"]
[WhiteElo "2352"]
[BlackElo "2513"]
[PlyCount "77"]
[EventDate "2021.??.??"]
[EventType "blitz"]

1. e4 e5 2. Nf3 d5 3. exd5 e4 4. Qe2 Nf6 5. d3 Bb4+ 6. c3 O-O 7. dxe4 Bc5 8.
Bg5 Nbd7 9. Nbd2 Re8 10. Qc4 h6 11. Bxf6 Qxf6 12. Bd3 Qb6 13. O-O a5 14. Nb3
Bf8 15. Qd4 Nc5 16. Rab1 a4 17. Nxc5 Bxc5 18. Qc4 Bg4 19. Nd2 Bh5 20. Bc2 Kh8
21. Qd3 Bg6 22. Qf3 Qd6 23. Rfe1 b5 24. Rbd1 Rad8 25. Nf1 Ba7 26. g3 h5 27. Kg2
Kg8 28. Qe2 c6 29. dxc6 Qxc6 30. Rxd8 Rxd8 31. f3 h4 32. Rd1 Rxd1 33. Qxd1 hxg3
34. hxg3 Qc5 35. Qd8+ Kh7 36. Qh4+ Kg8 37. Qd8+ Kh7 38. Qh4+ Kg8 39. Qd8+ {
Normal} 1/2-1/2

[Event "Rated Blitz game"]
[Site "?"]
[Date "2021.01.13"]
[Round "?"]
[White "GMJOEY93"]
[Black "KamranShirazi"]
[Result "1-0"]
[WhiteElo "2587"]
[BlackElo "2553"]
[PlyCount "69"]
[EventDate "2021.??.??"]
[EventType "blitz"]

1. e4 e5 2. Nf3 d5 3. d4 dxe4 4. Nxe5 Nc6 5. Nxc6 bxc6 6. Bc4 Bd6 7. O-O Bf5 8.
Nc3 h6 9. Re1 Nf6 10. f3 O-O 11. fxe4 Ng4 12. e5 Qh4 13. h3 Qf2+ 14. Kh1 Qh4
15. Rf1 Be6 16. Be2 Nxe5 17. Rf4 Ng4 18. Bxg4 Bxf4 19. Bxf4 Rad8 20. Bxc7 Rd7
21. Be5 f5 22. Bf3 c5 23. Qe1 Qxe1+ 24. Rxe1 cxd4 25. Bxd4 Bxa2 26. Bc5 Rc8 27.
b4 Bf7 28. Nb5 a6 29. Nd6 Rxd6 30. Bxd6 Rxc2 31. Kh2 g5 32. Re5 Bg6 33. Bd5+
Kg7 34. Bc5 Kf6 35. Re6+ {Time forfeit} 1-0

[Event "Rated Blitz game"]
[Site "?"]
[Date "2021.01.13"]
[Round "?"]
[White "kaithcel30"]
[Black "Dzon_Vejn"]
[Result "0-1"]
[WhiteElo "2271"]
[BlackElo "2463"]
[PlyCount "84"]
[EventDate "2021.??.??"]
[EventType "blitz"]

1. e4 e5 2. Nf3 d5 3. exd5 e4 4. Qe2 Nf6 5. Nc3 Be7 6. Ng5 O-O 7. Ngxe4 Re8 8.
d3 Nxd5 9. Nxd5 Qxd5 10. Be3 Nc6 11. Nc3 Qd8 12. O-O-O Be6 13. d4 Bb4 14. d5
Bxc3 15. dxc6 Qf6 16. bxc3 Qxc3 17. Bd4 Qa3+ 18. Bb2 Qxa2 19. cxb7 Rab8 20. Qb5
a6 21. Qb4 a5 22. Qa3 Rxb7 23. Qxa2 Bxa2 24. Bd3 a4 25. Rde1 Reb8 26. Bc3 a3
27. Kd2 Be6 28. h3 a2 29. Ra1 Rb1 30. Rhxb1 axb1=Q 31. Rxb1 Rxb1 32. f4 Rg1 33.
g4 Rg2+ 34. Ke3 Rg3+ 35. Ke4 Rxh3 36. f5 Bc8 37. Be5 Bb7+ 38. Kf4 c6 39. Bc4
Rh2 40. Bb3 Rf2+ 41. Kg3 Re2 42. Bc3 Re3+ {Normal} 0-1

[Event "Rated Blitz game"]
[Site "?"]
[Date "2021.01.13"]
[Round "?"]
[White "talentosochess1"]
[Black "DarthZannah"]
[Result "0-1"]
[WhiteElo "2306"]
[BlackElo "2431"]
[PlyCount "80"]
[EventDate "2021.??.??"]
[EventType "blitz"]

1. e4 e5 2. Nf3 d5 3. Nxe5 dxe4 4. d4 Nd7 5. Nxd7 Bxd7 6. Bc4 Bd6 7. O-O Qh4 8.
g3 Qh3 9. Re1 Nf6 10. Bf1 Qf5 11. Nc3 O-O-O 12. Bg2 Rde8 13. h3 h5 14. h4 Ng4
15. Qe2 e3 16. f4 Qg6 17. Nb5 Bf8 18. c4 c6 19. Nc3 Bf5 20. Bf3 Nf2 21. Kg2 Bd3
22. Qxf2 exf2 23. Rxe8+ Kd7 24. Kxf2 Kxe8 25. b3 Qf6 26. Be3 Kd7 27. Rd1 Bf5
28. d5 Kc7 29. dxc6 bxc6 30. Bd4 Qe6 31. Be5+ Kb7 32. Nd5 Bc5+ 33. Kg2 Rd8 34.
b4 Bb6 35. c5 cxd5 36. cxb6 axb6 37. Bxg7 Be4 38. Be5 Bxf3+ 39. Kxf3 Qg4+ 40.
Kf2 Qxd1 {Time forfeit} 0-1

[Event "Rated Blitz game"]
[Site "?"]
[Date "2021.01.13"]
[Round "?"]
[White "GMJOEY93"]
[Black "KamranShirazi"]
[Result "1-0"]
[WhiteElo "2606"]
[BlackElo "2535"]
[PlyCount "83"]
[EventDate "2021.??.??"]
[EventType "blitz"]

1. e4 e5 2. Nf3 d5 3. d4 dxe4 4. Nxe5 Nc6 5. Nxc6 bxc6 6. Nc3 Bb4 7. Bc4 Bf5 8.
O-O Nf6 9. Bg5 h6 10. Bh4 O-O 11. Ne2 g5 12. Bg3 Bd6 13. c3 Rb8 14. b4 a5 15.
a3 axb4 16. axb4 Nd5 17. Qd2 Qf6 18. b5 Bg6 19. bxc6 Nf4 20. f3 Nxe2+ 21. Bxe2
Bxg3 22. hxg3 Qd6 23. fxe4 Bxe4 24. Qe3 Qxc6 25. Bf3 f5 26. Bxe4 fxe4 27. Rxf8+
Rxf8 28. Re1 Re8 29. Qe2 Qd5 30. Rd1 Qd6 31. Kh2 e3 32. c4 Qe6 33. d5 Qe5 34.
c5 Kg7 35. d6 cxd6 36. cxd6 Rd8 37. d7 Qe6 38. Rd3 Rxd7 39. Rxe3 Qf6 40. Re6
Qd4 41. Qh5 Kg8 42. Qg6+ {Normal} 1-0

[Event "Rated Blitz game"]
[Site "?"]
[Date "2021.01.13"]
[Round "?"]
[White "GMJOEY93"]
[Black "KamranShirazi"]
[Result "0-1"]
[WhiteElo "2598"]
[BlackElo "2543"]
[PlyCount "70"]
[EventDate "2021.??.??"]
[EventType "blitz"]

1. e4 e5 2. Nf3 d5 3. d4 dxe4 4. Nxe5 Nc6 5. Nxc6 bxc6 6. Nc3 f5 7. Bc4 Nf6 8.
Bg5 h6 9. Bxf6 Qxf6 10. O-O Rb8 11. f3 e3 12. f4 Rb4 13. Qd3 Be6 14. Bxe6 Qxe6
15. Rae1 Kf7 16. Rxe3 Qd7 17. Ne2 Rxb2 18. Re5 g6 19. Qc4+ Kg7 20. d5 Rb6 21.
Qc3 Kh7 22. Nd4 cxd5 23. Rfe1 c5 24. Ne6 d4 25. Qh3 Rxe6 26. Rxe6 c4 27. g4 d3
28. gxf5 Bc5+ 29. Kh1 d2 30. Rd1 Qd5+ 31. Qg2 Qxf5 32. Qb7+ Kg8 33. Re8+ Bf8
34. Rxd2 Qf7 35. Qc8 c3 {Time forfeit} 0-1

[Event "Rated Blitz game"]
[Site "?"]
[Date "2021.01.13"]
[Round "?"]
[White "Batyrev_Kirill"]
[Black "Dzon_Vejn"]
[Result "0-1"]
[WhiteElo "2274"]
[BlackElo "2457"]
[PlyCount "46"]
[EventDate "2021.??.??"]
[EventType "blitz"]

1. e4 e5 2. Nf3 d5 3. exd5 e4 4. Qe2 Nf6 5. Nc3 Be7 6. Nxe4 O-O 7. d3 Nxd5 8.
Bd2 Re8 9. O-O-O f5 10. Neg5 Bf6 11. Ne5 Rxe5 12. Qh5 Bxg5 13. Bxg5 Qe8 14. Qf3
c6 15. d4 Re4 16. Bc4 Be6 17. Qb3 b5 18. Bd3 Ne3 19. Qa3 Nxd1 20. Bxe4 Nxf2 21.
Bxc6 Nxc6 22. Re1 Ne4 23. Bf4 Qd7 {Normal} 0-1

[Event "Rated Blitz game"]
[Site "?"]
[Date "2021.01.13"]
[Round "?"]
[White "d4step"]
[Black "Trompatzer"]
[Result "0-1"]
[WhiteElo "2419"]
[BlackElo "2330"]
[PlyCount "50"]
[EventDate "2021.??.??"]
[EventType "blitz"]

1. e4 e5 2. Nf3 d5 3. exd5 Bd6 4. d4 e4 5. Ne5 Nf6 6. Bb5+ c6 7. dxc6 bxc6 8.
Ba4 O-O 9. O-O c5 10. c3 cxd4 11. cxd4 Nbd7 12. Nxd7 Bxd7 13. Bxd7 Qxd7 14. Nc3
Rae8 15. Bg5 Ng4 16. h3 Nh2 17. Re1 Qf5 18. Bh4 Nf3+ 19. gxf3 Qxh3 20. Bg3 Bxg3
21. fxg3 Qxg3+ 22. Kf1 exf3 23. Qd2 Qh3+ 24. Kg1 Re6 25. Qh2 f2+ {Normal} 0-1

[Event "Rated Blitz game"]
[Site "?"]
[Date "2021.01.13"]
[Round "?"]
[White "SomeCM"]
[Black "Dzon_Vejn"]
[Result "1/2-1/2"]
[WhiteElo "2361"]
[BlackElo "2459"]
[PlyCount "52"]
[EventDate "2021.??.??"]
[EventType "blitz"]

1. e4 e5 2. Nf3 d5 3. exd5 e4 4. Qe2 Nf6 5. d3 Be7 6. dxe4 O-O 7. Nc3 Bb4 8.
Qc4 Bxc3+ 9. bxc3 b5 10. Qd4 Nxe4 11. Qxe4 Re8 12. Ne5 f6 13. f4 fxe5 14. fxe5
Bb7 15. Bd3 g6 16. c4 Nd7 17. Bb2 Nc5 18. Qd4 Na4 19. O-O Nxb2 20. Qxb2 bxc4
21. Bxc4 Bxd5 22. Rad1 c6 23. Qb3 Rxe5 24. Bxd5+ Rxd5 25. c4 Rxd1 26. Rxd1 Qb6+
{Normal} 1/2-1/2

[Event "Rated Blitz game"]
[Site "?"]
[Date "2021.01.13"]
[Round "?"]
[White "MiracleEcu"]
[Black "Jomajo"]
[Result "1-0"]
[WhiteElo "2450"]
[BlackElo "2610"]
[PlyCount "25"]
[EventDate "2021.??.??"]
[EventType "blitz"]

1. e4 e5 2. Nf3 d5 3. exd5 e4 4. Qe2 Qe7 5. Nd4 Nf6 6. c4 c6 7. dxc6 Nxc6 8.
Nxc6 bxc6 9. Nc3 Bf5 10. b3 O-O-O 11. Qe3 Ng4 12. Qf4 g5 13. Qxf5+ {Normal} 1-0

[Event "Rated Blitz game"]
[Site "?"]
[Date "2021.01.13"]
[Round "?"]
[White "Fraisen"]
[Black "DarthZannah"]
[Result "0-1"]
[WhiteElo "2297"]
[BlackElo "2432"]
[PlyCount "40"]
[EventDate "2021.??.??"]
[EventType "blitz"]

1. e4 e5 2. Nf3 d5 3. Nxe5 dxe4 4. d4 Nd7 5. Nxd7 Bxd7 6. Bc4 Bd6 7. Nc3 f5 8.
Bxg8 Rxg8 9. Qh5+ Kf8 10. Qxh7 Qf6 11. Qh5 Qxd4 12. Be3 Qf6 13. O-O-O Qf7 14.
Qe2 Be6 15. f3 f4 16. fxe4 Bc4 17. Rd3 Bxd3 18. Qxd3 fxe3 19. Rf1 Bf4 20. Nd5
e2+ {Normal} 0-1

[Event "Rated Blitz game"]
[Site "?"]
[Date "2021.01.13"]
[Round "?"]
[White "SweetT00th"]
[Black "KamranShirazi"]
[Result "0-1"]
[WhiteElo "2425"]
[BlackElo "2493"]
[PlyCount "76"]
[EventDate "2021.??.??"]
[EventType "blitz"]

1. e4 e5 2. Nf3 d5 3. Nxe5 Bd6 4. d4 dxe4 5. Nc4 Nc6 6. Nc3 f5 7. d5 Ne5 8.
Nxe5 Bxe5 9. Bb5+ Bd7 10. Qh5+ g6 11. Qe2 Nf6 12. Bg5 a6 13. Bc4 h6 14. Bd2 Qe7
15. O-O-O Qc5 16. Bb3 O-O-O 17. Be3 Qd6 18. Bd4 Rhe8 19. Kb1 Kb8 20. Bxe5 Rxe5
21. Qe3 g5 22. h4 f4 23. Qd4 Rde8 24. hxg5 hxg5 25. a4 Ng4 26. Ne2 e3 27. fxe3
Nxe3 28. Rd2 Nxg2 29. Nc3 Ne3 30. Rg1 Bf5 31. Ka2 Bh7 32. Rh1 Bg8 33. Rh8 b6
34. Bc4 Ka7 35. Bb3 Bxd5 36. Nxd5 Rxh8 37. Qc3 Nxd5 38. Bxd5 Rxd5 {Normal} 0-1

[Event "Rated Blitz game"]
[Site "?"]
[Date "2021.01.13"]
[Round "?"]
[White "patzer001"]
[Black "Tayota"]
[Result "1/2-1/2"]
[WhiteElo "2456"]
[BlackElo "2414"]
[PlyCount "138"]
[EventDate "2021.??.??"]
[EventType "blitz"]

1. e4 e5 2. Nf3 d5 3. d3 dxe4 4. dxe4 Qxd1+ 5. Kxd1 Bg4 6. Be2 Nc6 7. c3 Bc5 8.
Be3 Bxe3 9. fxe3 f6 10. Nbd2 Nge7 11. Kc2 O-O-O 12. Rad1 a6 13. Nc4 Bh5 14.
Rxd8+ Rxd8 15. Rd1 Bg6 16. Rxd8+ Nxd8 17. Bd3 c5 18. Nh4 b5 19. Nxg6 Nxg6 20.
Nd6+ Kd7 21. Nf5 Ne6 22. c4 b4 23. Kd2 Ne7 24. Bc2 g6 25. Ng3 Ng5 26. Ba4+ Kd6
27. a3 a5 28. axb4 axb4 29. Bd1 Nc6 30. Kc2 Na5 31. Be2 Ne6 32. Bd3 Nd8 33. Nf1
Ndc6 34. Nd2 Ke6 35. Nb3 Kd6 36. g3 g5 37. g4 h6 38. h3 Nb7 39. Kb1 Nca5 40.
Ka2 Kc6 41. Nd2 Nd6 42. b3 Kd7 43. Bc2 Ke6 44. Nf1 Nf7 45. Ng3 Nd6 46. Nf5 Nxf5
47. exf5+ Kd6 48. Be4 Nc6 49. Bxc6 Kxc6 50. e4 Kb6 51. Kb2 Kc6 52. Kc2 Kd6 53.
Kd3 Ke7 54. Ke3 Kf7 55. Kf3 Kg7 56. Kg3 Kh7 57. h4 Kg7 58. Kh3 Kf7 59. hxg5
hxg5 60. Kg3 Ke7 61. Kf3 Kd6 62. Ke3 Kc6 63. Kd3 Kb6 64. Kc2 Ka5 65. Kb2 Ka6
66. Kc2 Kb7 67. Kd3 Kc8 68. Ke3 Kd7 69. Kd3 Ke7 {Normal} 1/2-1/2

[Event "Rated Blitz game"]
[Site "?"]
[Date "2021.01.13"]
[Round "?"]
[White "Vampilu"]
[Black "Oghart"]
[Result "0-1"]
[WhiteElo "2373"]
[BlackElo "2540"]
[PlyCount "152"]
[EventDate "2021.??.??"]
[EventType "blitz"]

1. e4 e5 2. Nf3 d5 3. exd5 e4 4. Qe2 Nf6 5. Nc3 Bf5 6. g4 Nxg4 7. Nxe4 Be7 8.
Nd4 Bxe4 9. Qxe4 Nf6 10. Qg2 Qxd5 11. Qxd5 Nxd5 12. Bg2 c6 13. Nf5 Nf4 14. O-O
Nxg2 15. Kxg2 g6 16. Nxe7 Kxe7 17. b3 Kd7 18. f4 f5 19. d4 Re8 20. c4 Na6 21.
Ba3 Re4 22. Rad1 Rae8 23. Rd2 h5 24. Kg3 Re3+ 25. Kh4 Nc7 26. d5 cxd5 27. cxd5
Nb5 28. Bc5 Re2 29. Rf2 Rxf2 30. Rxf2 b6 31. Bb4 a5 32. Bd2 Nd6 33. Rg2 Ne4 34.
Be3 Rg8 35. Bxb6 Nf6 36. Bxa5 Nxd5 37. Kg5 Ke6 38. Re2+ Kf7 39. Re5 Nf6 40. Bb4
Ne4+ 41. Kh4 Rc8 42. Re7+ Kf6 43. Ra7 Rc2 44. Be7+ Ke6 45. h3 Rc3 46. Bg5 Nf2
47. Re7+ Kd6 48. Bf6 Rxh3+ 49. Kg5 Rg3+ 50. Kh6 Ne4 51. Rf7 Ke6 52. Kg7 Rg4 53.
Re7+ Kd6 54. Re8 h4 55. Be5+ Kc6 56. a4 h3 57. Rh8 Nf2 58. b4 Rg2 59. b5+ Kc5
60. Rc8+ Kd5 61. b6 g5 62. b7 gxf4+ 63. Kf7 h2 64. b8=Q h1=Q 65. Qd6+ Ke4 66.
Rc4+ Kf3 67. Rxf4+ Ke2 68. Qa6+ Nd3 69. Re4+ Kd2 70. Bf4+ Kc2 71. Qc4+ Kb2 72.
Qxd3 Qh7+ 73. Ke6 Rg6+ 74. Kd5 Qd7+ 75. Kc4 Rc6+ 76. Kb4 Qxd3 {Time forfeit}
0-1

[Event "Rated Blitz game"]
[Site "?"]
[Date "2021.01.13"]
[Round "?"]
[White "Puntano"]
[Black "RoketBey"]
[Result "1-0"]
[WhiteElo "2557"]
[BlackElo "2457"]
[PlyCount "57"]
[EventDate "2021.??.??"]
[EventType "blitz"]

1. e4 e5 2. Nf3 d5 3. exd5 e4 4. Ne5 Qxd5 5. d4 exd3 6. Nxd3 Bf5 7. Nc3 Qa5 8.
Qf3 Nc6 9. Be3 O-O-O 10. O-O-O Nf6 11. h3 Nb4 12. Nxb4 Bxb4 13. Bb5 Bxc3 14.
Qxf5+ Kb8 15. bxc3 Qxa2 16. Bd3 Rd5 17. Qf4 Rd7 18. Qb4 Nd5 19. Qb2 Qa5 20. Bd2
Qc5 21. c4 Nf6 22. Be3 Qc6 23. f3 Re8 24. Bd4 Re6 25. Rhe1 Rxe1 26. Rxe1 b6 27.
Bxf6 gxf6 28. Re8+ Kb7 29. Be4 {Normal} 1-0

[Event "Rated Blitz game"]
[Site "?"]
[Date "2021.01.13"]
[Round "?"]
[White "GASTONMOISSET"]
[Black "DarthZannah"]
[Result "1-0"]
[WhiteElo "2325"]
[BlackElo "2424"]
[PlyCount "93"]
[EventDate "2021.??.??"]
[EventType "blitz"]

1. e4 e5 2. Nf3 d5 3. exd5 e4 4. Ne5 Qxd5 5. d4 exd3 6. Nxd3 Nf6 7. Be2 Qxg2 8.
Bf3 Qg6 9. Nc3 Bd6 10. Qe2+ Kd8 11. Be3 Nc6 12. O-O-O Bg4 13. Nf4 Qf5 14. Bxg4
Nxg4 15. Rd5 Qd7 16. Rhd1 Nxe3 17. fxe3 Re8 18. Nb5 Ke7 19. Nxd6 cxd6 20. Rxd6
Qxd6 21. Rxd6 Kxd6 22. Qd3+ Kc7 23. Qxh7 Rg8 24. c4 Rad8 25. Nd5+ Kb8 26. Qf5
a6 27. Qxf7 g5 28. b4 Ka7 29. a4 Ne5 30. Qc7 Rge8 31. Qc5+ Kb8 32. Kb1 Nf3 33.
b5 axb5 34. axb5 Nd2+ 35. Ka2 Ne4 36. Qc7+ Ka8 37. Qa5+ Kb8 38. b6 Nd6 39. c5
Nc4 40. Qa7+ Kc8 41. Qa8+ Kd7 42. Qxb7+ Ke6 43. Nc7+ Kf5 44. Nxe8 Rxe8 45. Qd5+
Ne5 46. b7 Rb8 47. c6 {Normal} 1-0

[Event "Rated Blitz game"]
[Site "?"]
[Date "2021.01.13"]
[Round "?"]
[White "Fanti1"]
[Black "batasjon"]
[Result "1-0"]
[WhiteElo "2408"]
[BlackElo "2367"]
[PlyCount "71"]
[EventDate "2021.??.??"]
[EventType "blitz"]

1. e4 e5 2. Nf3 d5 3. exd5 e4 4. Qe2 Nf6 5. Nc3 Be7 6. Nxe4 O-O 7. d3 Re8 8.
Be3 Nxd5 9. g3 Nc6 10. O-O-O f5 11. Ned2 Ncb4 12. a3 Na2+ 13. Kb1 Nac3+ 14.
bxc3 Nxc3+ 15. Kb2 Nxe2 16. Bxe2 Bf6+ 17. d4 c5 18. Nb3 b6 19. Ka2 cxd4 20.
Nfxd4 Qc7 21. Bf4 Qc3 22. Rd3 Qc4 23. Re3 Qa4 24. Bb5 Bb7 25. Rd1 Rxe3 26. Bxe3
Bxd4 27. Bxa4 Bxe3 28. fxe3 Bf3 29. Rf1 Be4 30. Nd4 Rc8 31. Bd7 Rc7 32. Bxf5
Bd5+ 33. Kb2 g6 34. Be6+ Bxe6 35. Nxe6 Re7 36. Rf8# {Normal} 1-0

[Event "Rated Blitz game"]
[Site "?"]
[Date "2021.01.13"]
[Round "?"]
[White "Wade1"]
[Black "kivanchaznedaroglu"]
[Result "0-1"]
[WhiteElo "2433"]
[BlackElo "2574"]
[PlyCount "114"]
[EventDate "2021.??.??"]
[EventType "blitz"]

1. e4 e5 2. Nf3 d5 3. exd5 e4 4. Qe2 Nf6 5. d3 Qxd5 6. Nbd2 Bc5 7. Nxe4 Nxe4 8.
Qxe4+ Qxe4+ 9. dxe4 Nc6 10. c3 Bg4 11. Bb5 O-O-O 12. Bxc6 bxc6 13. O-O Bxf3 14.
gxf3 Rd3 15. Kg2 Rhd8 16. b4 Bb6 17. c4 Bd4 18. Rb1 Rd6 19. Bf4 Rf6 20. Rfd1
Rxd1 21. Rxd1 Bc3 22. Be3 Bxb4 23. f4 Re6 24. f3 a6 25. f5 Re8 26. Kg3 Bd6+ 27.
Bf4 Bxf4+ 28. Kxf4 f6 29. h4 h5 30. Rd3 Re7 31. Rd2 Re5 32. Rg2 Re7 33. Rd2 Kb7
34. c5 a5 35. a4 Kc8 36. Rd4 Re5 37. Rc4 Kd7 38. Rc3 Ke7 39. Rc4 Kf7 40. Ke3
Re8 41. Rd4 Ke7 42. Kd3 Rb8 43. Kc2 g6 44. fxg6 Rg8 45. Rd2 Rxg6 46. Kc3 Rg3
47. Rf2 Rh3 48. Kd4 Rxh4 49. f4 Rh1 50. Rg2 Kf7 51. Rb2 h4 52. Rb7 h3 53. Rxc7+
Kg6 54. f5+ Kh6 55. Rf7 h2 56. Rxf6+ Kh5 57. Ke5 Re1 {Normal} 0-1

[Event "Rated Blitz game"]
[Site "?"]
[Date "2021.01.13"]
[Round "?"]
[White "dzatorsky"]
[Black "Tayota"]
[Result "0-1"]
[WhiteElo "2376"]
[BlackElo "2402"]
[PlyCount "112"]
[EventDate "2021.??.??"]
[EventType "blitz"]

1. e4 e5 2. Nf3 d5 3. d3 dxe4 4. dxe4 Qxd1+ 5. Kxd1 Bg4 6. Bd3 Bc5 7. Be3 Nd7
8. Nc3 c6 9. h3 Bh5 10. g4 Bg6 11. Bxc5 Nxc5 12. Nxe5 O-O-O 13. Ke2 f6 14. Nxg6
hxg6 15. b4 Ne6 16. Ke3 g5 17. e5 Nf4 18. Bf5+ Kb8 19. Rad1 Ne7 20. Rxd8+ Rxd8
21. exf6 gxf6 22. h4 Nxf5+ 23. gxf5 Re8+ 24. Ne4 Nd5+ 25. Kd4 gxh4 26. a3 Re5
27. c4 Ne7 28. Nxf6 Rxf5 29. Ne4 Rf4 30. Ke5 Ng6+ 31. Kd4 b6 32. Rg1 Ne7 33.
Ke5 Rf3 34. Rg7 Nf5 35. Rf7 Nd4 36. Rh7 Nf5 37. Rh5 Ne7 38. Rh8+ Kc7 39. Rh7
Kd8 40. c5 bxc5 41. bxc5 h3 42. Ke6 Nd5 43. Nd6 Nf4+ 44. Ke5 Rxf2 45. Rxa7 h2
46. Ra8+ Kd7 47. Ra7+ Kd8 48. Ra8+ Kc7 49. Rc8+ Kd7 50. Rh8 Nd3+ 51. Kd4 Nxc5
52. Kxc5 Rc2+ 53. Kd4 Kxd6 54. Rh6+ Kc7 55. Rh7+ Kb6 56. Rh6 Kb5 {Normal} 0-1

[Event "Rated Blitz game"]
[Site "?"]
[Date "2021.01.13"]
[Round "?"]
[White "GRGM2B"]
[Black "Tayota"]
[Result "1-0"]
[WhiteElo "2469"]
[BlackElo "2398"]
[PlyCount "47"]
[EventDate "2021.??.??"]
[EventType "blitz"]

1. e4 e5 2. Nf3 d5 3. exd5 e4 4. Qe2 f5 5. d3 Nf6 6. Nc3 Bb4 7. Bd2 Bxc3 8.
Bxc3 O-O 9. Ne5 Nxd5 10. dxe4 Nxc3 11. Qc4+ Kh8 12. Qxc3 Be6 13. Bd3 Nd7 14.
O-O-O Nxe5 15. Qxe5 Bg8 16. exf5 c6 17. h4 Qb6 18. h5 h6 19. f4 Rae8 20. Qd6
Rf6 21. Qd7 Rd8 22. Qe7 Rdf8 23. g4 Qe3+ 24. Qxe3 {Normal} 1-0

[Event "Rated Blitz game"]
[Site "?"]
[Date "2021.01.13"]
[Round "?"]
[White "james78"]
[Black "AlaEldin"]
[Result "0-1"]
[WhiteElo "2403"]
[BlackElo "2229"]
[PlyCount "94"]
[EventDate "2021.??.??"]
[EventType "blitz"]

1. e4 e5 2. Nf3 d5 3. exd5 e4 4. Qe2 Nf6 5. Nc3 Be7 6. Nxe4 O-O 7. d3 Nxd5 8.
Bd2 Re8 9. O-O-O f5 10. Nc3 Nxc3 11. Bxc3 Bg5+ 12. Nxg5 Rxe2 13. Bxe2 Qxg5+ 14.
Bd2 Qg6 15. d4 Be6 16. Bf3 c6 17. Rhe1 Nd7 18. Bf4 Re8 19. Re3 Bd5 20. Be2 Rxe3
21. fxe3 Qxg2 22. Bd3 Nb6 23. b3 Be4 24. Rd2 Qf3 25. Be2 Qh3 26. Kb2 Nd5 27.
Be5 Qxe3 28. Kc1 Nc3 29. Bc4+ Bd5 30. Bd3 Nxa2+ 31. Kd1 Nc3+ 32. Kc1 g6 33. Bg3
Ne4 34. Bxe4 Bxe4 35. Bf2 Qc3 36. Kd1 f4 37. d5 Bf3+ 38. Ke1 cxd5 39. Bd4 Qc6
40. Kf2 Be4 41. c3 b6 42. Ra2 a5 43. b4 Qc4 44. Ra1 axb4 45. Ra8+ Kf7 46. Ra7+
Ke6 47. Bxb6 bxc3 {Time forfeit} 0-1

[Event "Rated Blitz game"]
[Site "?"]
[Date "2021.01.13"]
[Round "?"]
[White "Guanabana12"]
[Black "Tayota"]
[Result "1/2-1/2"]
[WhiteElo "2438"]
[BlackElo "2412"]
[PlyCount "78"]
[EventDate "2021.??.??"]
[EventType "blitz"]

1. e4 e5 2. Nf3 d5 3. Nxe5 Qe7 4. d4 f6 5. Nd3 Nc6 6. c3 Bf5 7. Be2 Bxe4 8. O-O
Qf7 9. f3 Bf5 10. Nf2 Bd6 11. Bd3 Nge7 12. Qc2 g6 13. Re1 O-O-O 14. Nd2 h5 15.
Nf1 h4 16. h3 Kb8 17. b4 Rde8 18. Bd2 Bxd3 19. Qxd3 Nf5 20. a4 Ng3 21. Nh2 f5
22. a5 g5 23. a6 b6 24. Bxg5 Reg8 25. f4 Ne4 26. Nxe4 fxe4 27. Qe3 Ne7 28. Ng4
Nf5 29. Qc1 Qg6 30. Ne5 Bxe5 31. dxe5 Qc6 32. c4 dxc4 33. b5 Qc5+ 34. Kh2 Rxg5
35. fxg5 Qxe5+ 36. Kg1 Qd4+ 37. Kh2 Qe5+ 38. Kg1 Qd4+ 39. Kh2 Qe5+ {Normal}
1/2-1/2